00279nam a2200073 4500008004100000245006600041246007000107260002800177240222b |||||||| |||| 00| 0 eng d aRefugee survey quarterly-Vol. 14, (Special issue summer 1995) aSpecial issue on refugee women : Country report documents reviews aGeneva :bUNHCR, c1995